Incident at Vichy ; a play.

Bibliographic Details
Main Author: Miller, Arthur, 1915-2005
Format: Book
Language:English
Published: New York : Viking Press, [1965]

MARC

Tag First Indicator Second Indicator Subfields
LEADER 00000cam a2200000I 4500
001 in00002012156
005 20151031153834.0
008 741217s1965 nyu 000 0 eng d
035 |a (OCoLC)ocm01114650 
040 |a ICU  |c ICU  |d UtOrBLW 
049 |a TXAM 
090 |a PS3525.I5156  |b I5 1965a 
100 1 |a Miller, Arthur,  |d 1915-2005. 
245 1 0 |a Incident at Vichy ;  |b a play. 
264 1 |a New York :  |b Viking Press,  |c [1965] 
300 |a 73 pages :  |b illustrations ;  |c 22 cm. 
336 |a text  |b txt  |2 rdacontent 
337 |a unmediated  |b n  |2 rdamedia 
338 |a volume  |b nc  |2 rdacarrier 
500 |a "Book Club edition."- Dust jacket. 
536 |a From the Howard Mayer Brown, Edward Downes and Mary Schieffelin Book Collections, October 2004. 
948 |a cataloged  |b cmulkey  |c 2004/12/17  |d 9:09:32 am 
994 |a C0  |b TXA 
999 |a MARS 
999 f f |s 524688c0-a336-3cb0-8366-284bad68a9f9  |i 388c3482-603e-35a8-96de-2a834c99ded5  |t 0 
952 f f |p ric  |a Texas A&M University  |b Rellis Campus  |c Joint Library Facility  |d Remote Storage  |t 0  |e PS3525.I5156 I5 1965a  |h Library of Congress classification  |i unmediated -- volume  |m A14831658223 
998 f f |a PS3525.I5156 I5 1965a  |t 0  |l Remote Storage